| Tag |
First Indicator |
Second Indicator |
Subfields |
| LEADER |
00000cam a2200000Ia 4500 |
| 001 |
in00002492607 |
| 005 |
20211202190105.0 |
| 006 |
m d f |
| 007 |
cr mn||||||||| |
| 008 |
081105s2000 txuab sb f000 0 eng d |
| 035 |
|
|
|a (OCoLC)ocn268957310
|
| 040 |
|
|
|a GPO
|c GPO
|d GPO
|d MvI
|d UtOrBLW
|
| 043 |
|
|
|a n-us-tx
|
| 049 |
|
|
|a WWW
|
| 074 |
|
|
|a 0624-B (online)
|
| 086 |
0 |
|
|a I 19.42/4:00-4148
|
| 100 |
1 |
|
|a Lambert, Rebecca B.
|
| 245 |
1 |
0 |
|a Hydrogeology, hydrologic budget, and water chemistry of the Medina Lake area, Texas /
|c by Rebecca B. Lambert, Kenneth C. Grimm, and Roger W. Lee ; in cooperation with the Bexar-Medina-Atascosa Counties Water Control and Improvement District No. 1 [and others].
|
| 264 |
|
1 |
|a Austin, Tex. :
|b U.S. Dept. of the Interior, U.S. Geological Survey,
|c 2000.
|
| 300 |
|
|
|a 1 electronic text :
|b digital, PDF file.
|
| 336 |
|
|
|a text
|b txt
|2 rdacontent
|
| 337 |
|
|
|a computer
|b c
|2 rdamedia
|
| 338 |
|
|
|a online resource
|b cr
|2 rdacarrier
|
| 490 |
1 |
|
|a Water-resources investigations report ;
|v 00-4148
|
| 500 |
|
|
|a Two maps on 2 folded leaves in pocket.
|
| 538 |
|
|
|a Mode of access: Internet from the USGS web site. Address as of 11/5/08: http://pubs.usgs.gov/wri/wri004148/ ; current access available via PURL.
|
| 500 |
|
|
|a Title from title screen (viewed Nov. 5, 2008).
|
| 500 |
|
|
|a Two PDF hydrogeologic maps available as separate attachments.
|
| 504 |
|
|
|a Includes bibliographical references (pages 36-38).
|
| 500 |
|
|
|a Electronic resource.
|
| 650 |
|
0 |
|a Hydrogeology
|z Texas
|z Medina Lake Region.
|
| 650 |
|
0 |
|a Water chemistry
|z Texas
|z Medina Lake Region.
|
| 650 |
|
0 |
|a Hydrology
|z Texas
|z Medina Lake Region.
|
| 776 |
0 |
|
|a Lambert, Rebecca B.
|t Hydrogeology, hydrologic budget, and water chemistry of the Medina Lake area, Texas
|h 1v. (various pagings)
|w (DLC) 2001315893
|w (OCoLC)45836910
|
| 700 |
1 |
|
|a Grimm, Kenneth C.
|
| 700 |
1 |
|
|a Lee, Roger W.
|
| 710 |
1 |
|
|a Bexar-Medina-Atascosa Counties Water Control and Improvement District No. 1 (Tex.)
|
| 710 |
2 |
|
|a Geological Survey (U.S.)
|
| 830 |
|
0 |
|a Water-resources investigations report ;
|v 00-4148.
|
| 856 |
4 |
0 |
|u https://purl.fdlp.gov/GPO/LPS105041
|t 0
|
| 999 |
|
|
|a MARS
|
| 999 |
f |
f |
|s c71a8011-6db4-3e60-b579-d38e9eaff0f7
|i 5d6f3692-7446-3c4f-93d1-c15950a84555
|t 0
|
| 952 |
f |
f |
|a Texas A&M University
|b College Station
|c Electronic Resources
|d Available Online
|t 0
|e I 19.42/4:00-4148
|h Superintendent of Documents classification
|
| 998 |
f |
f |
|a I 19.42/4:00-4148
|t 0
|l Available Online
|